000
00275nam a2200121 a 4500
008
101209s1953|||| d
245
1
0
_a
O umení
100
1
_a
Černyševskij, N. G.
260
_b
SVPL
_a
Bratislava
_c
1953
020
_c
31,60
044
_a
xo
_c
SK
041
_a
slo
999
_c
14987
_d
14987